000 00433pab a2200157 454500
008 180718b2015 xxu||||| |||| 00| 0 eng d
100 _aPinto, Alka Noela Charlotte
245 _aOnline collaborative learning: new vistas in VHRD
260 _c2015
300 _ap.92-93.
362 _aJul-Dec
650 _aOnline systems
700 _aBalaji, B.
773 _aSouth Asian Journal of Socio-Political Studies
909 _a110529
999 _c110524
_d110524